Computer-automated manufacturing / (Record no. 4145)

000 -LEADER
fixed length control field 00720pam a2200253 a 4500
001 - CONTROL NUMBER
control field 989327
003 - CONTROL NUMBER IDENTIFIER
control field OSt
005 - DATE AND TIME OF LATEST TRANSACTION
control field 20200721110103.0
008 - FIXED-LENGTH DATA ELEMENTS--GENERAL INFORMATION
fixed length control field 860918s1987 nyua b 001 0 eng
010 ## - LIBRARY OF CONGRESS CONTROL NUMBER
LC control number 86021305
020 ## - INTERNATIONAL STANDARD BOOK NUMBER
International Standard Book Number 0070506019 (pbk.)
040 ## - CATALOGING SOURCE
Original cataloging agency DLC
Transcribing agency DLC
Modifying agency DLC
050 00 - LIBRARY OF CONGRESS CALL NUMBER
Classification number TS155.6
Item number .P69 1987
082 00 - DEWEY DECIMAL CLASSIFICATION NUMBER
Classification number 670.285
Edition number 19
Item number P8881
100 1# - MAIN ENTRY--PERSONAL NAME
Personal name Powers, John H.
245 10 - TITLE STATEMENT
Title Computer-automated manufacturing /
Statement of responsibility, etc. John H. Powers, Jr.
260 ## - PUBLICATION, DISTRIBUTION, ETC.
Place of publication, distribution, etc. New York :
Name of publisher, distributor, etc. McGraw-Hill,
Date of publication, distribution, etc. c1987.
300 ## - PHYSICAL DESCRIPTION
Extent vii, 310 p. :
Other physical details ill. ;
Dimensions 28 cm.
500 ## - GENERAL NOTE
General note Includes index.
504 ## - BIBLIOGRAPHY, ETC. NOTE
Bibliography, etc. note Bibliography: p. 303-306.
650 #0 - SUBJECT ADDED ENTRY--TOPICAL TERM
Topical term or geographic name entry element CAD/CAM systems.
906 ## - LOCAL DATA ELEMENT F, LDF (RLIN)
a 7
b cbc
c orignew
d 1
e ocip
f 19
g y-gencatlg
942 ## - ADDED ENTRY ELEMENTS (KOHA)
Source of classification or shelving scheme
Koha item type Books
Holdings
Withdrawn status Lost status Source of classification or shelving scheme Damaged status Not for loan Permanent Location Current Location Date acquired Full call number Barcode Date last seen Price effective from Koha item type
          IMU Kolkata IMU Kolkata 2020-07-21 670.285 P8881 07652 2020-07-21 2020-07-21 Books
Designed and Maintained by IMU-KC Library, Kolkata Campus © Copyright All Rights Reserved

webs counters

Powered by Koha